| 000 | 00661nam a2200193 i 4500 | ||
|---|---|---|---|
| 001 | 116762 | ||
| 003 | ES-MaACL | ||
| 005 | 20240520134853.0 | ||
| 007 | t| | ||
| 008 | 061121s1936 sp |||| | spa d | ||
| 100 | 1 |
_aOutzen, Gerda. _987988 |
|
| 245 | 1 | 3 |
_aEl dinamismo en la obra de Pereda / _cGerda Outzen ; traducción del alemán por María Fernanda de Pereda y Torres Quevedo. |
| 260 |
_aSantander : _bJ. Martínez, _c1936. |
||
| 300 |
_a245 p. ; _c13 cm. |
||
| 600 | 1 | 4 |
_aPereda, José María de, _d1833-1906 _xCrítica e interpretación _990448 |
| 700 | 1 |
_aPereda, María Fernanda de. _990451 |
|
| 852 |
_aES-MaACL _jA-4673 |
||
| 999 |
_c116762 _d116762 |
||